Molecular virology

Uloženo v:
Podrobná bibliografie
Hlavní autor: Knight, C. Arthur
Médium: Kniha
Jazyk:angličtina
Vydáno: New York, USA McGraw-Hill 1974
Témata:
Tagy: Přidat tag
Žádné tagy, Buďte první, kdo vytvoří štítek k tomuto záznamu!

MARC

LEADER 00000nam a2200000 a 4500
001 UCT5175
003 CL-VaPUC
005 20250228100450.0
008 961205e19740000US |||||||||||||||||eng|d
999 |c 254175  |d 254173 
040 |c Pontificia Universidad Católica de Valparaíso 
082 0 4 |a 576.64 KNI 1974  |2 21 
100 0 |a Knight, C. Arthur  |9 374485 
245 1 0 |a Molecular virology 
260 0 3 |a New York, USA  |b McGraw-Hill  |c 1974 
300 |a 235 páginas 
583 |a last modification  |c 19961205 00:00:00  |k Rodrigo Vera 
650 0 |a Virología  |9 327250 
650 0 |a Microbiología   |9 259706 
650 0 |a Bacteriología  |9 259330 
650 0 |a Virus  |9 316452 
650 0 |a Biología  |9 262022 
650 0 |a Células   |9 269548 
650 7 |a MUTAGENESIS  |2 CL-VaPUC  |9 361433 
650 0 |a Enfermedades  |9 263059 
942 |c BK  |2 ddc 
945 |d 19961205 00:00:00  |a cmena 
952 |0 0  |1 0  |2 ddc  |4 0  |6 576_640000000000000_KNI_1974  |7 0  |8 A  |9 275640  |a BIBCUR  |b BIBCUR  |d 2019-11-19  |i 1793292  |o 576.64 KNI 1974  |p 1793292  |r 2025-04-22  |t 1  |w 2019-11-19  |y BK  |k BIO